00599 2200205 4500001002100000005001700021008004100038035002400079041000800103043001200111082001400123090002500137100003400162245006900196260003900265300003200304650002700336850001200363999001800375YOGYA-0511000000177420110527122435.0 ind  0010-051100000001773 aInd aYOPDYOG a331.11021 aYOG 331.11021bKan S aKANTOR STATISTIK (Yogyakarta) aStatistik tenaga kerja hotel dan akomodasi DIY/Kantor Statistik. aYogyakartabKantor Statistikc1993 aix, 7 lembarbilus.c29 cm. aTenaga kerja-Statistik aYOPDYOG a23168-PD/A.07